Metodología para la determinación de la capacidad en carreteras urbanas

Guardado en:
書目詳細資料
主要作者: Miranda Cordero, Fernando M
格式: 圖書
出版: [San José , Costa Rica] 1984
主題:
標簽: 添加標簽
沒有標簽, 成為第一個標記此記錄!

MARC

LEADER 00000nam a2200000Ia 4500
003 002571
005 20221231144409.0
008 140114s1984 cr a m 000 ||s d
040 |c cru CEDI 
090 |a TFG 1566 
100 |a Miranda Cordero, Fernando M  |9 14846 
245 |a Metodología para la determinación de la capacidad en carreteras urbanas 
260 |c 1984  |a [San José , Costa Rica] 
300 |a  227 hojas ; 28 cm  
500 |a  Proyecto de graduación (ingeniero civil)-- Universidad de Costa Rica. Escuela de Ingeniería Civil 
650 |x CARRETERAS - COSTA RICA   |x TRAFICO DE CARRETERAS  |9 14847 
942 |c TFG 
999 |c 21271  |d 21271